| Tag |
First Indicator |
Second Indicator |
Subfields |
| LEADER |
00000cam a2200000 4500 |
| 001 |
in00000080404 |
| 005 |
20151008052915.0 |
| 008 |
760109s1957 mduf bc 00000 eng |
| 010 |
|
|
|a 58001915
|
| 035 |
|
|
|a (OCoLC)01919186
|
| 035 |
|
|
|9 AAH5399AM
|
| 040 |
|
|
|a DLC
|c GUA
|d OCL
|d TXA
|d UtOrBLW
|
| 049 |
|
|
|a TXAM
|c 1 [291869]
|c 2 [296809]
|
| 050 |
0 |
0 |
|a Z269
|b .W24
|
| 082 |
0 |
|
|a *655.45074
|a 688.074
|
| 090 |
|
|
|a Z269
|b .W24 1957
|
| 092 |
|
|
|a 095
|b W235h
|
| 110 |
2 |
|
|a Walters Art Gallery (Baltimore, Md.)
|
| 245 |
1 |
4 |
|a The history of bookbinding, 525-1950 A.D. ;
|b an exhibition held at the Baltimore Museum of Art, November 12, 1957, to January 12, 1958 /
|c organized by the Walters Art Gallery and presented in cooperation with the Baltimore Museum of Art.
|
| 264 |
|
1 |
|a Baltimore :
|b The Trustees of the Walters Art Gallery,
|c 1957.
|
| 300 |
|
|
|a xi, 275 pages :
|b 106 plates. ;
|c 29cm.
|
| 336 |
|
|
|a text
|b txt
|2 rdacontent
|
| 337 |
|
|
|a unmediated
|b n
|2 rdamedia
|
| 338 |
|
|
|a volume
|b nc
|2 rdacarrier
|
| 504 |
|
|
|a "Catalogue": pages 1-267.
|
| 504 |
|
|
|a Bibliography: pages 269-270.
|
| 650 |
|
0 |
|a Bookbinding
|v Exhibitions.
|
| 999 |
|
|
|a MARS
|
| 999 |
f |
f |
|s b7108b1f-879f-3f3d-a75c-81dc353575a8
|i 4851f1b9-6666-3308-854a-7f1e28400463
|t 0
|
| 952 |
f |
f |
|p ric
|a Texas A&M University
|b Rellis Campus
|c Joint Library Facility
|d Remote Storage
|t 0
|e Z269 .W24 1957
|h Library of Congress classification
|i unmediated -- volume
|m A14800503665
|
| 998 |
f |
f |
|a Z269 .W24 1957
|t 0
|l Remote Storage
|